MAASAI MARA UNIVERSITY

LIBRARY CATALOGUE

Contact Us: +254 020 2685356/7 or 0774 057787

Box: 861-20500, NAROK, KENYA

Email: info@mmarau.ac.ke

Making sense : (Record no. 24281)

MARC details
000 -LEADER
fixed length control field 01099cam a2200349 a 4500
001 - CONTROL NUMBER
control field 17247096
003 - CONTROL NUMBER IDENTIFIER
control field OSt
005 - DATE AND TIME OF LATEST TRANSACTION
control field 20210127095948.0
008 - FIXED-LENGTH DATA ELEMENTS--GENERAL INFORMATION
fixed length control field 120409s2012 onca b 001 0 eng
010 ## - LIBRARY OF CONGRESS CONTROL NUMBER
LC control number 2011410859
016 7# - NATIONAL BIBLIOGRAPHIC AGENCY CONTROL NUMBER
Record control number 015903113
Source Uk
020 ## - INTERNATIONAL STANDARD BOOK NUMBER
International Standard Book Number 9780195440256 (pbk.)
020 ## - INTERNATIONAL STANDARD BOOK NUMBER
International Standard Book Number 0195440250 (pbk.)
035 ## - SYSTEM CONTROL NUMBER
System control number (OCoLC)ocn755210707
040 ## - CATALOGING SOURCE
Original cataloging agency MMU
Language of cataloging eng
Transcribing agency MMU
Modifying agency MMU
042 ## - AUTHENTICATION CODE
Authentication code lccopycat
050 00 - LIBRARY OF CONGRESS CALL NUMBER
Classification number BF76.7
Item number .N67 2012
082 04 - DEWEY DECIMAL CLASSIFICATION NUMBER
Classification number 808.06/615
Edition number 23
100 1# - MAIN ENTRY--PERSONAL NAME
Personal name Northey, Margot,
Dates associated with a name 1940-
245 10 - TITLE STATEMENT
Title Making sense :
Remainder of title psychology : a student's guide to research and writing /
Statement of responsibility, etc. Margot Northey, Brian Timney.
260 ## - PUBLICATION, DISTRIBUTION, ETC. (IMPRINT)
Place of publication, distribution, etc. Don Mills, Ont. :
Name of publisher, distributor, etc. Oxford University Press,
Date of publication, distribution, etc. c2012.
300 ## - PHYSICAL DESCRIPTION
Extent v, 305 p. :
Other physical details ill. ;
Dimensions 23 cm.
490 1# - SERIES STATEMENT
Series statement The making sense series
500 ## - GENERAL NOTE
General note Includes bibliographical references and index.
650 #0 - SUBJECT ADDED ENTRY--TOPICAL TERM
Topical term or geographic name as entry element Psychology
General subdivision Authorship.
650 #0 - SUBJECT ADDED ENTRY--TOPICAL TERM
Topical term or geographic name as entry element Report writing.
9 (RLIN) 548
650 #6 - SUBJECT ADDED ENTRY--TOPICAL TERM
Topical term or geographic name as entry element Psychologie
General subdivision Art d'écrire.
650 #6 - SUBJECT ADDED ENTRY--TOPICAL TERM
Topical term or geographic name as entry element Rapports
General subdivision Rédaction.
700 1# - ADDED ENTRY--PERSONAL NAME
Personal name Timney, Brian.
830 #0 - SERIES ADDED ENTRY--UNIFORM TITLE
Uniform title Making sense series.
942 ## - ADDED ENTRY ELEMENTS (KOHA)
Source of classification or shelving scheme Library of Congress Classification
Koha item type L
Holdings
Withdrawn status Lost status Source of classification or shelving scheme Damaged status Not for loan Home library Current library Date acquired Source of acquisition Total Checkouts Full call number Barcode Date last seen Price effective from Koha item type
    Library of Congress Classification     Maasai Mara University Library -Main Campus Maasai Mara University Library -Main Campus 03/06/2017 Donation-T4C   BF76.7.N66 2012 17026571 03/06/2017 03/06/2017 L
© 2016 Maasai Mara University.